Find the State Abbreviations Quiz Stats

 Plays Quiz Updated Mar 12, 2018

Score 0/15 Timer 05:00
2 Plays Today
Question Answer Wrong Answers
Colorado
Miscellaneous
Lacoste
86.8%
Sporcle
2.3%
McDonald's
1.7%
American Airlines
1.1%
Rhode Island
History
Henri Matisse
86.5%
Andy Warhol
4%
Leonardo da Vinci
3%
Sandro Botticelli
1.6%
Louisiana
Science
Platinum
83.8%
Chlorine
4.1%
Silicon
4.3%
Tantalum
7.2%
Tennessee
Music
Paul McCartney
83.2%
Fats Domino
2.3%
Stevie Wonder
5.8%
Bonnie Raitt
1.3%
Delaware
Movies
Amadeus
81.9%
Schindler's List
3.6%
Driving Miss Daisy
3.4%
The Broadway Melody
2.7%
Georgia
Geography
Singapore
79.3%
Georgia
11.2%
Bosnia and Herzegovina
1.6%
Montenegro
1%
Minnesota
Sports
Gymnastics
77.4%
Badminton
11%
Individual medley
1.9%
Marathon
8.4%
Nevada
Gaming
Space Invaders
74.9%
The Legend of Zelda
2.4%
Minecraft
12.6%
Final Fantasy
3.7%
Maine
Just for Fun
Gamevhjn
74.8%
SporcleBatman
13.1%
Covfefe
1.4%
Sri Jayawardenepura Kotte
1.8%
Hawaii
Entertainment
Kim Kardashian
73.2%
Rihanna
14.3%
Arnold Schwarzenegger
3.1%
Jerry Bruckheimer
1.6%
Alaska
Religion
Habakkuk
72.9%
Judas Iscariot
3.8%
Naphtali
13%
Isaac
1.8%
Nebraska
Television
Bloodline
69.8%
Unbreakable Kimmy Schmidt
14.7%
Sense8
3.4%
Narcos
9.5%
Montana
Literature
Tumtum
64.9%
Frumious
1.2%
Mome
21.2%
Manxome
8.8%
Missouri
Holiday
Go Tell It on the Mountain
64.3%
Mistletoe
15.6%
Mrs. Claus
2%
Sugar plums
9.5%
Arkansas
Language
Arabic
55.8%
Hakka
32.6%
Castilian
4.7%
German
1.5%

You're not logged in!

Compare scores with friends on all Sporcle quizzes.
OR
Log In

You Might Also Like...

Show Comments

Extras

Top Quizzes Today


Score Distribution

Your Account Isn't Verified!

In order to create a playlist on Sporcle, you need to verify the email address you used during registration. Go to your Sporcle Settings to finish the process.

Report this User

Report this user for behavior that violates our Community Guidelines.

Details: